000 00725nam a22002297a 4500
999 _c192978
_d192978
005 20221012122401.0
010 _aB-745949
020 _a9789352666829
_c325.00
035 _aB-745949
037 _bPrabhat Paperbacks
082 _a352.379
100 _aRamaswamy B.
245 _aInternal Security:
_bissues, challenges, threats & linkages/
_cB. Ramaswamy
250 _a1st
260 _aNew Delhi
_bPrabhat Paperbacks
_c2019
270 _a4/19 Asaf Ali Road,
_bNew Delhi
_e110002
300 _av,278p.
_c24cm (pbk)
700 _aPushpa, Sasikala
700 _aMary A.V. SR.
942 _2ddc
_cEN
_mRAM
_h352.379